000 00826nam a2200253Ia 4500
003 OSt
005 20220923222755.0
006 a|||||r|||| 00| 0
007 ta
008 220922b |||||||| |||| 00| 0 hin d
024 _a207,754
037 _cTextual
040 _aARTS
_cARTS
_bhin
041 _2hin
_ahin
082 _aO152,3NPAx, M6
100 _aपाण्डेय, पूरनचंद
245 0 _aदर्द अपना - अपना
246 _aDarda apanā - apanā
260 _aदिल्ली
_b सस्ता साहित्य भ्ंाडार
_c1986
300 _a168i``0
_ccm.
650 _aहिन्दी साहित्य
_9156264
942 _hO152,3NPAx, M6
_cTEXL
_2CC
999 _c358371
_d358371